Miradas sobre Manila / (Registro nro. 175504)

Detalles MARC
000 -LEADER
campo de control de longitud fija 00988nam a2200277 i 4500
001 - NÚMERO DE CONTROL
campo de control 175504
003 - IDENTIFICADOR DE NÚMERO DE CONTROL
campo de control ES-MaACL
005 - FECHA Y HORA DE LA ÚLTIMA TRANSACCIÓN
campo de control 20230906215835.0
007 - CAMPO FIJO DE DESCRIPCIÓN FÍSICA--INFORMACIÓN GENERAL
campo de control de longitud fija t|
008 - DATOS DE LONGITUD FIJA--INFORMACIÓN GENERAL
campo de control de longitud fija 101102s2008 sp o |||| | spa d
020 ## - NÚMERO INTERNACIONAL ESTÁNDAR DEL LIBRO
Número Internacional Estándar del Libro 978-84-936363-4-0
080 ## - NÚMERO DE LA CLASIFICACIÓN DECIMAL UNIVERSAL
Número de la Clasificación Decimal Universal 919.14
100 1# - ENTRADA PRINCIPAL--NOMBRE DE PERSONA
Nombre de persona Díaz, Gabriel.
9 (RLIN) 143820
245 10 - MENCIÓN DEL TÍTULO
Título Miradas sobre Manila /
Mención de responsabilidad, etc. Gabriel Díaz, textos ; Miguel Trillo, fotografía ; [editor: Juan Guardiola].
260 ## - PUBLICACIÓN, DISTRIBUCIÓN, ETC.
Lugar de publicación, distribución, etc. [Madrid] :
Nombre del editor, distribuidor, etc. Sociedad Estatal para la Acción Cultural Exterior (SEACEX) ;
Lugar de publicación, distribución, etc. [Barcelona :
Nombre del editor, distribuidor, etc. Casa Asia],
Fecha de publicación, distribución, etc. [2008]
300 ## - DESCRIPCIÓN FÍSICA
Extensión [64] p. :
Otras características físicas fot. col. ;
Dimensiones 21 cm.
504 ## - NOTA DE BIBLIOGRAFÍA, ETC.
Nota de bibliografía, etc. Bibliografía: p. 93-94.
546 ## - NOTA DE IDIOMA
Nota de lengua/lenguaje Texto en español e inglés.
594 ## - Nota al título y mención de responsabilidad
Nota al título y mención de responsabilidad Datos tomados de cub.
651 #4 - PUNTO DE ACCESO ADICIONAL DE MATERIA--NOMBRE GEOGRÁFICO
Nombre geográfico Manila-
Subdivisión general Historia.
9 (RLIN) 9020
700 1# - ENTRADA AGREGADA--NOMBRE PERSONAL
Nombre de persona Trillo, Miguel.
9 (RLIN) 111433
700 1# - ENTRADA AGREGADA--NOMBRE PERSONAL
Nombre de persona Guardiola, Juan.
9 (RLIN) 147874
710 2# - ENTRADA AGREGADA--NOMBRE DE ENTIDAD CORPORATIVA
Nombre de entidad corporativa o nombre de jurisdicción como elemento de entrada Sociedad Estatal para la Acción Cultural Exterior (España)
9 (RLIN) 6762
710 2# - ENTRADA AGREGADA--NOMBRE DE ENTIDAD CORPORATIVA
Nombre de entidad corporativa o nombre de jurisdicción como elemento de entrada Casa Asia.
9 (RLIN) 147381
852 ## - LOCALIZACIÓN
Ubicación ES-MaACL
Número de control de estantería 2264-F-9
Existencias
Estatus retirado Estado de pérdida Estado de daño No para préstamo Colección Biblioteca de origen Biblioteca actual Ubicación en estantería Fecha de adquisición Fuente de adquisición Total de préstamos Signatura topográfica completa Código de barras Visto por última vez Precio de reemplazo Tipo de ítem Koha
        Colección de folletos Biblioteca del Ateneo de Madrid Biblioteca del Ateneo de Madrid Depósito folletos 02/11/2010     2264-F-9 1184280 23/02/2023 23/02/2023 Folleto